Emile Durkheim, su vida y su obra (Record no. 95108)

MARC details
000 -LEADER
campo de control de longitud fija 00816nam a2200217 i 4500
001 - NÚMERO DE CONTROL
campo de control 95108
003 - IDENTIFICADOR DE NÚMERO DE CONTROL
campo de control ES-MaACL
005 - FECHA Y HORA DE LA ÚLTIMA TRANSACCIÓN
campo de control 20250828144030.0
007 - CAMPO FIJO DE DESCRIPCIÓN FÍSICA--INFORMACIÓN GENERAL
campo de control de longitud fija t|
008 - DATOS DE LONGITUD FIJA--INFORMACIÓN GENERAL
campo de control de longitud fija 050523s1984 sp ||||1| spa d
100 1# - ENTRADA PRINCIPAL--NOMBRE DE PERSONA
Nombre de persona Lukes, Steven.
9 (RLIN) 74725
245 10 - MENCIÓN DEL TÍTULO
Título Emile Durkheim, su vida y su obra
Resto del título : estúdio histórico-crítico /
Mención de responsabilidad, etc. por Steven Lukes; [traducción de Alberto Cardin Garay e Isabel Martínez].
260 ## - PUBLICACIÓN, DISTRIBUCIÓN, ETC.
Lugar de publicación, distribución, etc. Madrid :
Nombre del editor, distribuidor, etc. Centro de Investigaciones Sociológicas,
Fecha de publicación, distribución, etc. 1984.
300 ## - DESCRIPCIÓN FÍSICA
Extensión XII, 669 p. ;
Dimensiones 21 cm.
600 14 - PUNTO DE ACCESO ADICIONAL DE MATERIA--NOMBRE DE PERSONA
Nombre de persona Durkheim, Émile,
Fechas asociadas al nombre 1858-1917-
Subdivisión general Crítica e interpretación
9 (RLIN) 46303
700 1# - ENTRADA AGREGADA--NOMBRE PERSONAL
Nombre de persona Cardín, Alberto.
9 (RLIN) 35165
700 1# - ENTRADA AGREGADA--NOMBRE PERSONAL
Nombre de persona Martínez, Isabel.
9 (RLIN) 77750
710 2# - ENTRADA AGREGADA--NOMBRE DE ENTIDAD CORPORATIVA
Nombre de entidad corporativa o nombre de jurisdicción como elemento de entrada Centro de Investigaciones Sociológicas (España)
9 (RLIN) 2708
852 ## - LOCALIZACIÓN
Ubicación ES-MaACL
Número de control de estantería L-6551
Sublocalización o colección R.107793
Holdings
Estatus retirado Estado de pérdida Estado de daño No para préstamo Biblioteca de origen Biblioteca actual Ubicación en estantería Fecha de adquisición Fuente de adquisición Total de préstamos Signatura topográfica completa Código de barras Visto por última vez Precio de reemplazo Tipo de ítem Koha
        Biblioteca del Ateneo de Madrid Biblioteca del Ateneo de Madrid Depósito 2 17/01/2008     L-6551 1099317 23/02/2023 23/02/2023 Libro impreso